Представление документа в формате MARC21

ПолеНазваниеЗначение
  Тип записи a
  Библиографический уровень m
001 Контрольный номер RU\infra-m\znanium\bibl\2226140
005 Дата корректировки 20260429142111.4
008 Кодируемые данные 251031s2025 RU g rus u
020 Индекс ISBN __
a ISBN 978-5-9729-2182-9
040 Источник каталогиз. __
a Служба первич. каталог. Общество с ограниченной ответственностью «ЗНАНИУМ»
041 Код языка издания __
a Код языка текста rus
044 Код страны публикации __
a Код страны публикации RU
080 Индекс УДК __
a Индекс УДК 641
084 Индекс другой классификации/Индекс ББК __
2 Источник индекса rubbk
a Индекс другой классификации/Индекс ББК 36
084 Индекс другой классификации/Индекс ББК __
2 Источник индекса okso
a Индекс другой классификации/Индекс ББК 19.03.03
084 Индекс другой классификации/Индекс ББК __
2 Источник индекса okso
a Индекс другой классификации/Индекс ББК 19.04.03
100 Автор __
a Автор Альшевская М.Н.
q Полное имя Альшевская Марина Николаевна
245 Заглавие __
a Заглавие Научные основы технологических процессов
b Продолж. заглавия Учебное пособие
250 Сведения об издании __
a Основные сведения об издании 1
260 Выходные данные __
a Место издания Вологда
b Издательство Инфра-Инженерия
c Дата издания 2025
300 Физическое описание __
a Объем 376 с.
520 Аннотация __
a Аннотация Представлены рекомендации по изучению дисциплины теоретический материал по научным основам технологических процессов сырья животного происхождения. В каждой главе приведены вопросы и задания для закрепления материала. Содержит методические рекомендации по проведению лабораторных работ. Для студентов высших учебных заведений по направлению подготовки бакалавриата 19.03.03 «Продукты питания животного происхождения». Может быть полезно магистрантам направления подготовки 19.04.03 «Продукты питания животного происхождения» научно-исследовательским кадрам специальности 4.3.3 «Пищевые системы» и специалистам в области производства продуктов питания и пищевой промышленности.
521 Примеч. о цел. назн. __
a Примеч. о целев. назн. ВО - Бакалавриат
650 Тематические рубрики __
a Основная рубрика Промышленность. Энергетика
x Основная подрубрика Процессы и аппараты пищевых производств
655 Указ. предметных рубрик (устаревшее) __
a Жанр/ форма (устаревшее) Учебное пособие
700 Другие авторы __
a Другие авторы Анистратова О.В.
q Полное имя Анистратова Оксана Вячеславовна
u Дополнение Калининградский государственный технический университет
700 Другие авторы __
a Другие авторы Мошарова М.Э.
q Полное имя Мошарова Маргарита Эдуардовна
u Дополнение Калининградский государственный технический университет
856 Электронный адрес документа 4_
a Имя сервера/домена znanium.ru
m Помощь ebs_support@infra-m.ru
n Местонахождение сервера НИЦ ИНФРА-М
u URL https://znanium.ru/catalog/document?id=469692
856 Электронный адрес документа 48
a Имя сервера/домена znanium.ru
d Путь /cover/2226
f Электронное имя 2226140.jpg
q Тип электронного формата image/jpeg
u URL https://znanium.ru/cover/2226/2226140.jpg
911 __
u 0030=https://znanium.ru/catalog/document?id=469692